<?xml version="1.0" encoding="UTF-8"?>
<collection xmlns:xsi="http://www.w3.org/2001/XMLSchema-instance" xsi:schemaLocation="http://www.loc.gov/MARC21/slim http://www.loc.gov/standards/marcxml/schema/MARC21slim.xsd" xmlns="http://www.loc.gov/MARC21/slim">
 <record>
  <leader>00000cab a22000004cb4500</leader>
  <controlfield tag="001">IPP-00000640231</controlfield>
  <controlfield tag="003">IPP</controlfield>
  <controlfield tag="005">20220722110252.0</controlfield>
  <controlfield tag="008">220722s2021    xx     d | ||r |||||eng||</controlfield>
  <datafield tag="041" ind1="#" ind2="#">
   <subfield code="a">eng</subfield>
  </datafield>
  <datafield tag="100" ind1="1" ind2="#">
   <subfield code="a">Albert,  Jose Ramon</subfield>
  </datafield>
  <datafield tag="245" ind1="1" ind2="0">
   <subfield code="a">Perceived effects of the performance-based bonus on government employees' productivity</subfield>
  </datafield>
  <datafield tag="264" ind1="#" ind2="1">
   <subfield code="c">2021</subfield>
  </datafield>
  <datafield tag="300" ind1="#" ind2="#">
   <subfield code="b">tables; references</subfield>
  </datafield>
  <datafield tag="520" ind1="#" ind2="#">
   <subfield code="a">The Philippine government established the Performance-Based Bonus (PBB) in 2012 to reward exemplary employee performance, align endividual- and team-level efforts with agency-wide targets, and improve public service delivery in the executive department. At the time, the PBB was meant to augment salaries while the government was preparing to increase public sector wages in phases. With the implementation of the last phase of salary increases in 2019, it is important the assess the effects of the PBB on the country's bureaucracy. The Department of Budget and Management, together with the Development Academy of the Philippines and other oversight agencies, administers the PBB using the Results-Based Performance Management System framework. In light of the incentive scheme's budgetary implications, the agencies deem it critical to study how the PBB affects government efforts to push reforms and boost individual- and team-level motivation and productivity of employees. This study, a follow-up of a process evaluation of the PBB conducted in 2019, employs a mixed-method research drawn on primary and secondary data. It undertook a perception-based survey on the effects of the PBB with more than 1,200 respondents and focus group discussions with PBB focal persons and members of the performance management teams of selected agencies, including oversight agencies. Empirical findings suggest that while the PBB has had design issues and implementation challenges (e.g. changes in eligibility requirements across dysfunctional behavior of employee), it is generally welcomed across the bureaucracy. There is evidence that the PBB has helped boost the motivation and productivity of employees, which can lead to individual and agancy-wide improvements. The results show that teh PBB can be redesigned to hone its effects on public sector reforms.</subfield>
  </datafield>
  <datafield tag="650" ind1="1" ind2="0">
   <subfield code="a">Employees (Philippines. Supreme Court)</subfield>
  </datafield>
  <datafield tag="650" ind1="2" ind2="0">
   <subfield code="a">Civil service</subfield>
  </datafield>
  <datafield tag="650" ind1="2" ind2="0">
   <subfield code="a">Employee motivation</subfield>
  </datafield>
  <datafield tag="700" ind1="1" ind2="#">
   <subfield code="a">Mendoza, Ronald U.</subfield>
  </datafield>
  <datafield tag="700" ind1="1" ind2="#">
   <subfield code="a">Cuenca, Janet S.</subfield>
  </datafield>
  <datafield tag="700" ind1="1" ind2="#">
   <subfield code="a">Vizmanos, Jana Flor V.</subfield>
  </datafield>
  <datafield tag="700" ind1="1" ind2="#">
   <subfield code="a">Muñoz, Mika S.</subfield>
  </datafield>
  <datafield tag="773" ind1="0" ind2="#">
   <subfield code="t">Philippine Journal of Development</subfield>
   <subfield code="g">Vol. 45 (2) (2021), 1-22</subfield>
  </datafield>
  <datafield tag="852" ind1="#" ind2="#">
   <subfield code="a">UPD</subfield>
   <subfield code="b">DMLP</subfield>
  </datafield>
  <datafield tag="942" ind1="#" ind2="#">
   <subfield code="a">Article</subfield>
  </datafield>
  <datafield tag="950" ind1="#" ind2="#">
   <subfield code="a">FI</subfield>
  </datafield>
 </record>
</collection>
